Loading...
| Science - Chemistry | 0 | 7 | 0 | 1 | 70 | 63 | 81.14 | 2 | 6 |
| Philosophy | 0 | 3 | 0 | 1 | 30 | 104 | 114.67 | 1 | 2 |
| Social Science | 0 | 2 | 0 | 0 | 20 | 105 | 106.50 | 0 | 1 |
| History - American History | 0 | 2 | 0 | 1 | 20 | 75 | 99.50 | 0 | 1 |
| History - World History | 0 | 2 | 0 | 1 | 20 | 90 | 105.00 | 0 | 0 |
| Science - Physics | 0 | 3 | 2 | 0 | 20 | 70 | 87.00 | 0 | 3 |
| Literature - American Literature | 0 | 1 | 0 | 0 | 10 | 144 | 144.00 | 0 | 1 |
| Other Academic | 0 | 1 | 0 | 0 | 10 | 43 | 43.00 | 0 | 1 |
| History - European History | 0 | 1 | 0 | 0 | 10 | 127 | 127.00 | 0 | 1 |
| Geography/Current Events | 0 | 1 | 0 | 0 | 10 | 34 | 34.00 | 0 | 1 |
| History - Other History | 0 | 1 | 0 | 1 | 10 | 108 | 108.00 | 0 | 0 |
| Fine Arts - Visual Fine Arts | 0 | 1 | 0 | 0 | 10 | 116 | 116.00 | 0 | 1 |
| Science - Other Science | 0 | 1 | 1 | 1 | 5 | 123 | 123.00 | 0 | 1 |
| Pop Culture | 0 | 1 | 1 | 0 | 5 | 83 | 83.00 | 1 | 1 |
| Religion | 0 | 0 | 0 | 0 | 0 | 0.00 | 0 | 0 | |
| Science - Biology | 0 | 1 | 2 | 0 | 0 | 89 | 89.00 | 0 | 0 |